000 00722nam a2200289Ia 4500
005 20260324121238.0
008 008 260324s9999 xx 000 0 eng d
020 _a9780429255922
037 _aEBOOK
040 _aCRL
040 _beng
040 _cCRL
041 _2eng
041 _aeng
084 _qCRL
100 _aBill Templeman
_91161763
245 0 _aLeadership Basics for Frontline Managers
245 0 _bTips for Raising Your Level of Effectiveness and Communication
260 _bTaylor and Francis
260 _c2014
365 _a
365 _b290
856 _uhttp://www.taylorfrancis.com/books/9780429255922
942 _cEBOOK
999 _c1753741
_d1753741